MARC

LEADER 00000nam0a2200000 4500
001 369234
005 20231102012149.0
035 |a (RuTPU)RU\TPU\retro\26616 
090 |a 369234 
100 |a 20220516d1980 km y0rusy50 ca 
101 0 |a rus 
102 |a RU 
105 |a a z 001zy 
200 1 |a Французская живопись XIX века  |f В. Н. Березина  |g Государственный Эрмитаж 
210 |a Москва  |c Изобразительное искусство  |d 1980 
215 |a 295 с.  |c ил. 
225 1 |a Собрание живописи Государственного Эрмитажа 
320 |a Алф. указ.: с. 292-294 
606 1 |a Живопись  |x История  |2 stltpush  |3 (RuTPU)RU\TPU\subj\73356  |9 86388 
610 1 |a изобразительное искусство 
610 1 |a французская живопись 
610 1 |a 19 век 
610 1 |a художники 
610 1 |a альбомы 
675 |a 75.03  |v 4 
700 1 |a Березина  |b В. Н.  |g Валентина Николаевна 
712 0 2 |a Государственный Эрмитаж  |2 stltpush  |3 (RuTPU)RU\TPU\col\5345  |9 24087 
801 1 |a RU  |b 63413507  |c 20220516 
942 |c BK